| 000 | 00647cam a2200205 a 4500 | ||
|---|---|---|---|
| 001 | 000018551 | ||
| 005 | 20200929165825.0 | ||
| 008 | 820603s1923 fr 000 0 fre d | ||
| 040 |
_aDO-SdBNP _bfre _cLC _dBNPHU |
||
| 082 |
_a842.912 _bC782e |
||
| 100 | 1 |
_aCopeau, Jacques, _d1879- _940122 |
|
| 245 | 1 | 0 |
_aEtudes d'art dramatique : _bcritiques d'un autre temps / _cJacques Copeau. |
| 260 |
_aParis : _bNouvelle revue francaise, _c1923. |
||
| 300 |
_a252 p. ; _c19 cm. |
||
| 650 | 4 |
_aTeatro francés _95359 |
|
| 650 | 4 |
_aLiteratura francesa _91074 |
|
| 740 | 0 | _aCritiques d'un autre temps. | |
| 910 | _aCatalogación derivada / LC | ||
| 049 | _aBNGR | ||
| 999 |
_c18071 _d18071 |
||